000 00207nam a2200121Ia 4500
100 _a#N/A
650 _aComputer
942 _cBK
654 _aHAWX
245 _aHAWX
260 _b#N/A
546 _aENGLISH
999 _c22948
_d22948